000 00426 a2200109 4500
001 ART_22399
005 20260410161600.0
008 260409a
245 1 0 _aEstudio comparativo de las normas sobre información contable prospectiva utilizadas en Uruguay y la normativa internacional en la materia
100 1 _aKuster, Christian
773 0 _tProfesional & Empresaria
_g- Año XV, Nº 175 (abr. 2014)
_wREV70
999 _c9664
_d9664